Statistics for Countries Closest to Edinburgh

Click here to take the quiz!

General Stats

  • This quiz has been taken 118 times
  • The average score is 19 of 20

Answer Stats

Distance (km)Distance (mi)Country% Correct
633393Denmark / Faroe Islands
99%
648403France
99%
685425Germany
99%
606377Norway
99%
904561Sweden
99%
00United Kingdom
99%
602374Netherlands
98%
248154Ireland
97%
1,379857Spain
97%
1,285798Austria
96%
661411Belgium
96%
1,172738Switzerland
96%
1,325823Italy
95%
1,134705Poland
94%
1,402871Finland / Åland
93%
1,197743Czechia
92%
1,110690Iceland
91%
888552Luxembourg
91%
1,457905Russia / Kaliningrad
87%
1,304810Liechtenstein
86%

Score Distribution

Percentile by Number Answered

Percent of People with Each Score

Your Score History

You have not taken this quiz